| 000 | 00578nam a2200193Ia 4500 | ||
|---|---|---|---|
| 005 | 20250923145116.0 | ||
| 008 | 008 250917s9999 xx 000 0 eng d | ||
| 037 | _aTextual | ||
| 040 |
_aDSWL _beng _cDSWL |
||
| 041 |
_aeng _2eng |
||
| 084 | _qDSWL | ||
| 245 | 0 |
_aFoster's essays on decision of character with remarks on moral courage _cby Christian Vermucler Education Society |
|
| 260 |
_aMadras _bThe Christian Vermucler Education Society _c1887 |
||
| 300 | _aix,389 p. | ||
| 365 |
_aINR _b5 |
||
| 925 | _g5 | ||
| 942 | _cTEXL | ||
| 999 |
_c1447212 _d1447212 |
||